Library of the University of Algiers 3
Ibrahim Sultan Cheibout
شعار جامعة الجزائر 3
مكتبة جامعة الجزائر 3
إبراهيم سلطان شيبوط

نظم المعلومات الإدارية / (رقم التسجيلة. 45538)

تفاصيل مارك
000 -LEADER
fixed length control field 01314nam a2200241Ia 4500
003 - CONTROL NUMBER IDENTIFIER
control field Ost
005 - DATE AND TIME OF LATEST TRANSACTION
control field 20260507075648.0
008 - FIXED-LENGTH DATA ELEMENTS--GENERAL INFORMATION
fixed length control field 260507s9999||||xx |||||||||||||| ||und||
020 ## - INTERNATIONAL STANDARD BOOK NUMBER
International Standard Book Number 3144249957
040 ## - CATALOGING SOURCE
Transcribing agency fsecg
041 ## - LANGUAGE CODE
Language code of text/sound track or separate title ara
082 ## - DEWEY DECIMAL CLASSIFICATION NUMBER
Classification number 658.40388
100 ## - MAIN ENTRY--PERSONAL NAME
Personal name السامرائي، ايمان فاضل
Relator term مؤلف
245 #0 - TITLE STATEMENT
Title نظم المعلومات الإدارية /
Statement of responsibility, etc. ايمان فاضل السامرائي
260 ## - PUBLICATION, DISTRIBUTION, ETC.
Place of publication, distribution, etc. عمان:
Name of publisher, distributor, etc. دار صفاء للنشر والتوزيع,
Date of publication, distribution, etc. 2004
300 ## - PHYSICAL DESCRIPTION
Extent 328 صفحة؛
Other physical details إيضاحات ؛
Dimensions 24 سم
520 ## - SUMMARY, ETC.
Summary, etc. مدخل الى نظم المعلومات والإدارة- أساسيات نظم المعلومات الإدارية- أنواع نظم المعلومات الإدارية- تكنولوجيا المعلومات والإتصالات- بناء وتطوير نظم المعلومات الإدارية- أمن النظم والمعلومات- إدارة نظم المعلومات الإدارية- مواضيع متقدمة في نظم المعلومات الإدارية.
653 ## - INDEX TERM--UNCONTROLLED
Uncontrolled term إدارة الاعمال
653 ## - INDEX TERM--UNCONTROLLED
Uncontrolled term نظم المعلومات الإدارية
653 ## - INDEX TERM--UNCONTROLLED
Uncontrolled term نظم المعلومات- المؤسسة الممتدة
700 ## - ADDED ENTRY--PERSONAL NAME
Personal name الزعبي، هيثم محمد
Relator term مؤلف ثانوي
942 ## - ADDED ENTRY ELEMENTS (KOHA)
Koha item type كتب

لا توجد مواد متاحة.

موارد الويب المفتوحة


© University of Algiers 3 All Rights Reserved
|
Implemented by LECHELAH Riad